000
00308nam a2200121Ia 4500
008
220620s9999||||xx |||||||||||||| ||und||
020
_a
9781840000000
245
0
_a
Colorectal Cancer
546
_a
English[eng]
700
_a
Vannelli, Alberto
856
_u
https://www.intechopen.com/books/9788
942
_c
EB
999
_c
28582
_d
28582